000 00267nam a2200097Ia 4500
001 689347
005 20250826161632.0
008 250824s9999 xx 000 0 und d
245 0 _aSHERLOCK HOLMES(ŞÜPHE ASLA UYUMAZ)
_cSIR ARTHUR CONAN DOYLE
260 _bMARTI YAYINLARI
999 _c689347
_d689347